| 000 | 00568nam a22002057a 4500 | ||
|---|---|---|---|
| 005 | 20251108175926.0 | ||
| 008 | 250721s9999 xx 000 0 ara d | ||
| 082 | 1 | 4 | _aط/372.3/علو |
| 100 | 1 |
_aديركي، ربيع _eمشرف |
|
| 245 | 1 | 0 | _aالقوى / |
| 264 | 1 |
_aدمشق : _bبيت الحكمة، |
|
| 300 | _a32ص. | ||
| 490 | 0 | _aالعلوم بالرسوم البيانية | |
| 650 | 1 | 7 | _aالتعلم |
| 650 | 1 | 7 | _aالعلوم |
| 653 | _aناشئون صغار(10-14)سنة | ||
| 700 | 1 | _aspray، sally | |
| 942 |
_2ddc _cBK |
||
| 999 |
_c145656 _d145656 |
||